000 00395nam a22001337a 4500
005 20141014020008.0
008 140106b xxu||||| |||| 00| 0 eng d
050 _aBL51.
_bG854 2005
100 _aGriffith-Dickson, Gwen
_96504
245 _aThe Philosophy of Religion
_cGriffith-Dickson, Gwen
260 _aLondon
_bSCM Press
_c2005
300 _axxxi, 447p. ;
_c24cm.
942 _2lcc
_cMONOGRAPH
_02
999 _c119505
_d119505